Estadísticas para Capitales de África

Haz click aquí para tomar la prueba!

Estadísticas generales

  • Esta prueba ha sido tomada 11.825 veces
    (11.752 desde el último reinicio)
  • La puntuación promedio es 25 de 54

Estadísticas de respuestas

HintRespuesta% Correcto
ArgeliaArgel
94%
AngolaLuanda
86%
EgiptoEl Cairo
78%
BenínPorto Novo
69%
MarruecosRabat
69%
KeniaNairobi
62%
BotsuanaGaborone
61%
Cabo VerdePraia
61%
Guinea BisáuBisáu
59%
LibiaTrípoli
59%
Burkina FasoUagadugú
57%
EtiopíaAdís Abeba
55%
MadagascarAntananarivo
55%
MozambiqueMaputo
55%
TúnezTúnez
55%
CamerúnYaundé
54%
GabónLibreville
53%
GhanaAcra
52%
ChadYamena
52%
SenegalDakar
51%
EritreaAsmara
50%
Santo Tomé y PríncipeSanto Tomé
48%
YibutiYibuti
46%
Sierra LeonaFreetown
45%
SeychellesVictoria
45%
LiberiaMonrovia
43%
ComorasMoroni
43%
Guinea EcuatorialMalabo
42%
NigeriaAbuya
40%
GambiaBanjul
40%
SudánJartum
40%
Costa de MarfilYamusukro
40%
MaliBamako
39%
República del CongoBrazzaville
39%
República Democrática del CongoKinsasa
39%
NígerNiamey
39%
MauricioPort Louis
39%
GuineaConakri
37%
LesotoMaseru
37%
SomaliaMogadiscio
37%
SudáfricaCiudad del Cabo
36%
TogoLomé
36%
NamibiaWindhoek
36%
República CentroafricanaBangui
35%
MauritaniaNuakchot
35%
ZimbabueHarare
33%
RuandaKigali
33%
MalauiLilongüe
33%
TanzaniaDodoma
32%
UgandaKampala
32%
Sudán del SurYuba
32%
ZambiaLusaka
30%
BurundiBujumbura
28%
SuazilandiaMbabane
28%

Distribución de puntuación

Porcentaje por número respondido

Porcentaje de gente con cada puntuación

Historial de tus puntuaciones

No has tomado esta prueba desde el último reinicio